Представление документа в формате MARC21

ПолеНазваниеЗначение
  Тип записи a
  Библиографический уровень m
001 Контрольный номер RU/URAIT/496950
003 Принадлежность контрольного номера https://urait.ru/bcode/496950
005 Дата корректировки 20230117154134.2
008 Кодируемые данные
020 Индекс ISBN __
a ISBN 978-5-534-14317-1
c Цена, тираж 1519.00
040 Источник каталогиз. __
a Служба первич. каталог. ИКО Юрайт
b Код языка каталог. rus
c Служба, преобразующая запись ИКО Юрайт
041 Код языка издания 0_
a Код языка текста rus
044 Код страны публикации __
a Код страны публикации RU
073 _1
a 9785534143171
d 1519.00
080 Индекс УДК __
a Индекс УДК 349.4(075.8)
084 Индекс другой классификации/Индекс ББК __
a Индекс другой классификации/Индекс ББК 67.407.1я73
2 Источник индекса rubbk
091 Индексы/ коды __
a Индекс ББК (DOS) 67.407.1я73
z rubbk
100 Автор 1_
a Автор Сапёров С. А.
q Полное имя Сергей Анатольевич
230 __
a Электрон. дан.
245 Заглавие 00
a Заглавие Правовое регулирование земельных и градостроительных отношений. Оборот и использование недвижимости
b Продолж. заглавия учебное пособие
c Ответственность С. А. Сапёров.
260 Выходные данные 1_
a Место издания Москва
b Издательство Юрайт
c Дата издания 2022
300 Физическое описание __
a Объем 394 с
440 Серия _0
a Серия Высшее образование
500 Примечания __
a Примечание URL: https://urait.ru/bcode/496950 (дата обращения: 29.08.2022).
520 Аннотация __
a Аннотация В учебном пособии системно рассматриваются практические правовые вопросы, связанные с землеустройством и строительством, представлены обоснованные необходимыми ссылками на нормативные документы определения наиболее важных институтов и понятий. Книга предназначена для юристов, специализирующихся в земельном и градостроительном праве, а также для студентов юридических специальностей.
538 Прим. о системных особенностях __
a Прим. о системных особенностях Режим доступа: Электронно-библиотечная система Юрайт, для авториз. пользователей
653 Ключевые слова 2_
a Ключевые слова Земельное право. Экологическое право
653 Ключевые слова 2_
a Ключевые слова Право. Юриспруденция.
653 Ключевые слова 2_
a Ключевые слова Правовое обеспечение землеустройства и кадастров
653 Ключевые слова 2_
a Ключевые слова Градостроительное право
653 Ключевые слова 2_
a Ключевые слова Нормативно-правовые акты, регламентирующие деятельность строительного предприятия
653 Ключевые слова 2_
a Ключевые слова Основные нормативно-правовые акты при строительстве
653 Ключевые слова 2_
a Ключевые слова Правовое регулирование земельных и градостроительных отношений
856 Электронный адрес документа 40
n Местонахождение сервера Юрайт
g Электронная книга
q Тип электронного формата html
h Имя пользователя ЮРАЙТ
v Часы доступа к ресурсу 20231231
2 Способ доступа Показать документ
x Служебное примечание https://urait.ru/book/cover/AEC70CAD-349E-4476-8094-ECC18B7247FB
u URL https://urait.ru/read/496950
856 Электронный адрес документа 41
q Тип электронного формата cover
u URL https://urait.ru/book/cover/AEC70CAD-349E-4476-8094-ECC18B7247FB
952 Тип литературы __
c Вид литературы учебное пособие